| 000 | 01629nam0a2200325 4500 | ||
|---|---|---|---|
| 001 | RU\NLR\bibl\1660855 | ||
| 005 | 20260405195051.0 | ||
| 010 |
_a978-5-94803-023-4 _9200 |
||
| 021 |
_aRU _b2010-48630 _93229 |
||
| 035 | _a(NLR Aleph) 001652142 | ||
| 090 |
_a928557 _c928557 |
||
| 100 | _a20100803d2009 |||y0rusy50 ca | ||
| 101 | 0 | _arus | |
| 102 | _aRU | ||
| 105 | _ay ||||||||| | ||
| 200 | 1 |
_aКредитный договор, обеспеченный ипотекой жилых помещений _eмонография _fО.А. Ковалева _gМ-во образования и науки Рос. Федерации, Негос. образоват. учреждение высш. проф. образования "Оренбург. ин-т экономики и культуры" |
|
| 210 |
_aОренбург _cОренбургский институт экономики и культуры _d2009 |
||
| 215 |
_a158 с. _d21 |
||
| 320 | _aБиблиогр.: с. 147-158 (148 назв.) | ||
| 606 | 1 |
_aКредитование _xДоговоры _yРоссийская Федерация _91568678 _3RU\NLR\auth\66986849 |
|
| 606 | 1 |
_aИпотечный кредит _xПравовые вопросы _yРоссийская Федерация _92116181 _3RU\NLR\auth\661278403 |
|
| 686 | _aХ623.212.3 | ||
| 686 | _aХ623.211.3 | ||
| 700 | 1 |
_4070 _7ca _8rus _aКовалева _bО. А. _cканд. юрид. наук _gОльга Александровна _969689 _3RU\NLR\auth\7786761 |
|
| 801 | 0 |
_aRU _bNLR _c20100803 _gRCR |
|
| 801 | 1 |
_aRU _bNLR _c20100803 |
|
| 942 | _cBOOK | ||
| 980 | _aNB | ||
| 980 | _aNBR | ||